000 01155cam a2200337 a 4500
001 3854672
003 OSt
005 20121203184047.0
008 880308s1988 enk b s001 0 eng
010 _a 88005370
020 _a0821408968
020 _a0821408976 (pbk.)
040 _aDDC
_cDLC
_dDLC
043 _af-ug---
050 0 0 _aDT433.285
_b.U43 1988
082 0 0 _a967.61/UGA
_219
245 0 0 _aUganda now :
_bbetween decay & development /
_cedited by Holger Bernt Hansen & Michael Twaddle.
260 _aLondon :
_bJ. Currey ;
_aAthens :
_bOhio University Press,
_c1988.
300 _a376 p. ;
_c22 cm.
490 1 _aEastern African studies
500 _aIncludes index.
504 _aBibliography: p. 359-366.
651 0 _aUganda
_xHistory
_y1979-
_95692
651 0 _aUganda
_xEconomic conditions
_y1979-
_95693
700 1 _aHansen, Holger Bernt.
_95694
700 1 _aTwaddle, Michael.
_95695
830 0 _aEastern African studies (London, England)
_95696
906 _a7
_bcbc
_corignew
_d1
_eocip
_f19
_gy-gencatlg
942 _2ddc
_cBK
999 _c4777
_d4777